000 00714nac a22002291u 4500
008 100824t2004 xxkdk grd 0 1ng eng d
010 _a2003063689
020 _a0754619842
082 0 4 _a658
_bMOR
_222
100 1 _aMorden, Tony,
_917663
_d1946-
245 1 0 _aPrinciples of management /
_cTony Morden.
250 _a2nd ed.
260 _aAldershot, United Kingdom ;
_aBurlington, United States :
_bAshgate,
_cc.2004.
300 _a576 p. :
_bchart, forms ;
_c24 cm.
490 0 _aInnovative business textbooks
500 _aIndex : p. 572-576.
500 _aGlossary : p. 548-571.
650 0 _aManagement.
_917665
_2BUEsh
651 _2BUEsh
653 _cDecember2013
942 _cBB
_k658 MOR
_2ddc
999 _c35
_d35